Normal view
MARC view
- دراكر،بيتر؛ترجمة محمد عبدالكريم؛مراجعة نادية الهادي
Entry Personal Name
001 - CONTROL NUMBER
- control field: 17430
003 - CONTROL NUMBER IDENTIFIER
- control field: JO-AjAnu
005 - DATE AND TIME OF LATEST TRANSACTION
- control field: 20230606073058.0
008 - FIXED-LENGTH DATA ELEMENTS
- fixed length control field: 230606|| aca||aabn | a|a d
040 ## - CATALOGING SOURCE
- Original cataloging agency: JO-AjAnu
- Transcribing agency: JO-AjAnu
100 ## - HEADING--PERSONAL NAME
- Personal name: دراكر،بيتر؛ترجمة محمد عبدالكريم؛مراجعة نادية الهادي
670 ## - SOURCE DATA FOUND
- Source citation: Work cat.: (JO-AjAnu)8949: دراكر،بيتر؛ترجمة محمد عبدالكريم؛مراجعة نادية الهادي, author, الادارة(المهام-المسئوليات-التطبيقات):الجزء الثاتي المدير=MANAGEMENT (TASKS,RESPONSIBLITIES,PRACTICES